Základy užité psychologie /
Uložené v:
| Hlavný autor: | |
|---|---|
| Médium: | Kniha |
| Jazyk: | Czech |
| Vydané: |
Brno :
Akademické nakladatelství CERM,
2002
|
| Vydanie: | [1. vyd.] |
| Témy: | |
| ISBN: |
8021422033 (viaz.) |
| Fyzický popis: |
544 s. ; 25 cm |
| Tagy: |
Pridať tag
Žiadne tagy, Buďte prvý kto otaguje tento záznam!
|
Titul je dostupný aj v ... 

MARC
| LEADER | 00000nam a2200000 a 4500 | ||
|---|---|---|---|
| 001 | 000000342 | ||
| 003 | SVKK | ||
| 005 | 20040526144909.0 | ||
| 008 | 031103s2002 xr erap 001 0 czeo | ||
| 020 | |a 8021422033 (viaz.) | ||
| 040 | |a SVKKK |b slo |c SVKKK |e AACR2 | ||
| 041 | 0 | |a cze |b eng | |
| 044 | |a xr |c CZ | ||
| 072 | 7 | |a 159.9 |x Psychológia |2 konspekt | |
| 080 | |a 159.9 |2 1997 | ||
| 080 | |a 159.98 |2 1997 | ||
| 080 | |a (075) |2 1997 | ||
| 100 | 1 | |a Kohoutek, Rudolf |4 aut | |
| 245 | 1 | 0 | |a Základy užité psychologie / |c Rudolf Kohoutek |
| 250 | |a [1. vyd.] | ||
| 260 | |a Brno : |b Akademické nakladatelství CERM, |c 2002 | ||
| 300 | |a 544 s. ; |c 25 cm | ||
| 504 | |a Bibliografia s. 527-533. Menný register. Resumé angl. | ||
| 650 | 0 | 7 | |a psychológia |2 SVKKKPH |
| 650 | 0 | 7 | |a aplikovaná psychológia |2 SVKKKPH |
| 655 | 7 | |a učebnice |2 SVKKKPH | |
| 919 | |a 80-214-2203-3 | ||
| 998 | |a BK | ||
| 090 | |g SCKHL |k Sklad Pribinova prízemie |a IV.190189 |j 959762 |i 2720020721 |s Absenčne | ||